000 00422nam a2200169Ia 4500
008 230917s9999||||xx |||||||||||||| ||und||
020 _cRS0.6
040 _e31985
_aMAIN
041 _aEnglish
082 _a301.09544 S23R
100 _aSharma, Gopinath
245 0 _aRajasthan ka sanskritik itihas
250 _a4th ed.
260 _aJaipur
_bRajasthan Hindi Granth Academy
_c1999
300 _a248 p.
942 _cBK
999 _c103972
_d103972